| 000 -CABECERA |
| Longitud fija campo de control |
00693nam a22002177c 4500 |
| 003 - IDENTIFICADOR DEL NÚMERO DE CONTROL |
| Identificador del número de control |
OSt |
| 005 - FECHA Y HORA DE LA ÚLTIMA TRANSACCIÓN |
| Fecha y hora de la última transacción |
20171115165004.0 |
| 008 - CÓDIGOS DE INFORMACIÓN DE LONGITUD FIJA |
| Códigos de información de longitud fija |
171115s2016 sp a | |||| 000 0bcat d |
| 017 ## - NÚMERO DE COPYRIGHT O DE DEPÓSITO LEGAL |
| Número de copyright o de depósito legal |
V 1680-2016 |
| 020 ## - NÚMERO INTERNACIONAL NORMALIZADO PARA LIBROS |
| Número Internacional Normalizado para Libros (ISBN) |
9788416260218 |
| 040 ## - FUENTE DE LA CATALOGACIÓN |
| Centro catalogador de origen |
SpMaBN |
| Lengua de catalogación |
spa |
| Centro transcriptor |
CDMR |
| 100 1# - PUNTO DE ACCESO PRINCIPAL-NOMBRE DE PERSONA |
| Nombre de persona |
Montero, Francesc |
| Fechas asociadas al nombre |
1981- |
| 245 10 - MENCIÓN DE TÍTULO |
| Título |
Manuel Brunet |
| Resto del título |
: el periodisme d'idees a l'ull de l'huracà / |
| Mención de responsabilidad, etc. |
Francesc Montero i Aulet |
| 260 ## - PUBLICACIÓN, DISTRIBUCIÓN, ETC. (PIE DE IMPRENTA) |
| Lugar de publicación, distribución, etc. |
Catarroja, País València |
| Nombre del editor, distribuidor, etc. |
Afers |
| Fecha de publicación, distribución, etc. |
2016 |
| 300 ## - DESCRIPCIÓN FÍSICA |
| Extensión |
368 p. |
| Otras características físicas |
il. |
| Dimensiones |
22 cm |
| 504 ## - NOTA DE BIBLIOGRAFÍA, ETC |
| Nota de bibliografía, etc. |
Bibliografia: p. 345-361. Índex |
| 600 10 - PUNTO DE ACCESO ADICIONAL DE MATERIA - NOMBRE DE PERSONA |
| Nombre de persona |
Brunet, Manuel |
| Fechas asociadas al nombre |
1889-1956 |
| Subdivisión de materia general (R ) |
Biografíes |
| Fuente de encabezamiento o te&ecute,rmino |
embne |
| 9 (RLIN) |
531 |
| 650 #4 - PUNTO DE ACCESO ADICIONAL DE MATERIA - TÉRMINO DE MATERIA |
| 9 (RLIN) |
3139 |
| Término de materia o nombre geográfico como elemento inicial |
Periodistes catalans |
| Subdivisión de forma |
Biografia |
| 942 ## - ENTRADA DE ELEMENTOS AGREGADOS (KOHA) |
| Koha [por defecto] tipo de item |
Monografies |
| Fuente de clasificaión o esquema |
|
| 956 ## - LOCALIZACIÓN Y ACCESO ELECTRÓNICO LOCAL (OCLC) |
| Nombre de la fuente |
2 |